000
003350000a22001570004500
001
000577
003
MACL
040
_a
MACL
090
_c
577
_d
577
100
_a
Date, V.H
245
_a
Upnisada Retold Vol.2
_c
V.H Date
260
_a
Munshiram Manoharlal Publishers,
_c
1999
350
_a
350
650
_a
Religion
942
_k
295
_c
Book
999
_c
577
_d
577